Vývoj paralelného programu v jazyku C++ s využitím platformy PPL diplomová práca

Saved in:
Bibliographic Details
Main Author: Barák, Marek
Corporate Author: Fakulta hospodárskej informatiky EU. Katedra aplikovanej informatiky
Other Authors: Rakovská, Eva, 1963-
Format: Book
Language:Slovak
Published: Bratislava 2014
Tags: Add Tag
No Tags, Be the first to tag this record!

MARC

LEADER 00000nbm a2200000 4500
001 0197413
005 20161212111138.5
041 0 |a slo 
044 |a SK 
245 1 0 |a Vývoj paralelného programu v jazyku C++ s využitím platformy PPL  |b diplomová práca  |c Marek Barák ; školiteľ: Eva Rakovská 
264 1 |a Bratislava  |c 2014 
300 |a 73 s. 
100 1 |a Barák, Marek 
700 1 |a Rakovská, Eva, 1963- 
710 2 |a Fakulta hospodárskej informatiky EU. Katedra aplikovanej informatiky